CO MOŻE SPAŚĆ Z DRZEWA? - Statystyki

Ogólne statystyki
  • Ten quiz został rozwiązany 96 razy
  • Średni wynik to 4 z 6
Statystyki odpowiedzi
Odpowiedź % Poprawnych
LIŚĆ
96%
GAŁĄŹ
80%
OWOC
80%
SZYSZKA
53%
KASZTAN
48%
KOT
29%
Nie znaleziono quizów pasujących do podanych kryteriów
Rozkład punktacji
Procent ludzi z każdym wynikiem
Percentyl według liczby udzielonych odpowiedzi
Twoja historia wyników
Nie rozwiązałeś tego quizu